01529nab a22002417a 4500999001500000003000400015005001700019008004100036040000700077100003200084245009600116260007200212300001500284500003900299505049100338505013300829505008900962650002601051650003001077650002801107773013901135942001301274 c5956d5956OSt20260114131537.0190605e xxu||||| |||| 00| 0 spa d cPJ 96788aPérez, Emiliano A. 13aEl sinuoso camino hacia la protección de los créditos laborales /cEmiliano A. Pérez  aCiudad Autónoma de Buenos Aires :bThomson Reuters La Ley,c2024. ap. 126-135 aCita: TR LALEY AR/DOC/1623/2024.  aSumario: I. El art. 62 de la ley 18.345 y su vinculación con el art. 247 de la ley 20.744.— II. La responsabilidad solidaria del administrador de la persona jurídica ante un incumplimiento contractual doloso.— III. Los olvidados (y pocos utilizados) procedimientos del art. 80 in fine y art. 138 LO.— IV. La necesidad de instituir instrumentos procesales eficaces en el proceso laboral nacional (ley 18.345) para salvaguardar los créditos alimentarios en casos de despidos.  aFallo comentado: CNTrab., sala VII ~ 18/03/2024 ~ Jaspe Urbina, Angélica Alejandra c. Wenance S.A. y otro s/ medida cautelar. t¿Te interesa el texto completo? Solicitalo al correo: koha@justierradelfuego.gov.ar 091316aDERECHO LABORAL 091323aCONTRATO DE TRABAJO 091814aCESACION DE PAGOS0 0271193168dCiudad Autónoma de Buenos Aires : Thomson Reuters La Ley, 1999-2002.tRevista de derecho del trabajo. Nº 4 - Julio 2024 2udccANA